| 000 | 00558 a2200193 4500 | ||
|---|---|---|---|
| 020 | _a0321361482 | ||
| 020 | _a9780321361486 | ||
| 040 |
_aDLC _bDLC |
||
| 100 | 1 | _aMiller, Charles David, | |
| 245 | 1 | 0 |
_aMathematical ideas _cCharles D. Miller, Vern E. Heeren and John Hornsby. |
| 250 | _a11th ed. | ||
| 260 |
_aBoston : _bPearson Addison-Wesley, _cc2008. |
||
| 300 |
_axxiii, 923 p. : _bcol. ill. ; _c27 cm. |
||
| 500 | _aIncludes index. | ||
| 650 | 0 | _aMathematics. | |
| 700 | 1 | _aHeeren, Vern E. | |
| 700 | 1 | _aHornsby, E. John. | |
| 942 |
_cBK _k510 MIL _2ddc |
||
| 999 |
_c9657 _d9657 |
||